Statistiques concernant Harry Potter: la Tombe de Dobby

Cliquez ici pour prendre le quiz!

Statistiques générales

  • Ce quiz a été pris 40 fois
  • Le résultat moyen est 7 sur 8

Statistiques - réponses

InformationRéponses% Correct
Première apparition
Harry Potter et les Reliques de la Mort
100%
ConstructeurHarry Potter
100%
Dernière apparitionHarry Potter et les Reliques de la Mort
100%
ConstructeurRon Weasley
100%
RésidentDobby
97%
EmplacementJardin de la Chaumière aux Coquillages
88%
ConstructeurDean Thomas
50%
InscriptionCI-GÎT DOBBY, ELFE LIBRE
32%

Distribution des résultats

Percentile par nombre de réponses

% des personnes avec chaque résultat

Votre développement - résultats

Vous n’avez pas pris ce quiz